Les Simpson - S05E02 : Lac Terreur - Statistiques

Statistiques générales
  • Ce quiz a été pris 22 fois
  • Le résultat moyen est 5 sur 10
Statistiques - réponses
Question Réponse % Correct
Dans quel lieu habitent-ils au Lac Terreur ? une péniche
100%
Comment s'appelle la correspondante de Lisa de qui elle reçoit une lettre ? Anya
75%
Dans la salle de protection des témoins, un portrait de quel président américain est accroché ? Clinton
50%
Quand Lisa appelle Moe pensant que c'est lui qui veut tuer Bart, elle lui demande d'arrêter ce qu'il fait. On voit à ce moment-là Moe libérer des animaux au fond de son bar. Que cachait-il ? des pandas
50%
Quel est le nouveau nom de famille des Simpson lorsqu'ils partent se cacher ? Les Thompson
50%
À qui grand-père veut-il faire appel pour découvrir qui veut tuer Bart ? Matlock
50%
En dehors du Lac Terreur, plusieurs autres endroits ont été proposés à la famille pour se cacher. Quel endroit n'est pas dans la liste ? Monstre Cité
50%
Tahiti Bob est accroché sous la voiture pour les suivre, mais plusieurs mésaventures lui arrivent. Que ne lui arrive-t-il pas ? la famille passe par un lave-auto
25%
Quel est le numéro de prisonnier de Tahiti Bob en prison ? 1211
0%
Combien de râteaux se prend Bob en descendant de la voiture ? 9 râteaux
0%
Aucun quiz correspondant
Distribution des résultats
% des personnes avec chaque résultat
Percentile par nombre de réponses
Votre historique - résultats
Vous n’avez pas pris ce quiz